Irving Penn : A Career in Photography /
Nacido en 1917, el artista norteamericano Irving Penn ha sido reconocido especialmente por sus trabajos en fotografía de moda, ámbito en el que a los 26 años de edad publicó su primera portada en la revista Vogue. Colaborador de grandes diseñadores de moda, como el japonés Issey Miyake, Penn no ha c...
Guardado en:
| Autor principal: | |
|---|---|
| Otros autores: | |
| Formato: | Libro |
| Idioma: | Inglés |
| Publicado: |
Chicago, EUA :
The Art Institute of Chicago,
1998, c1997
|
| Temas: | |
| Etiquetas: |
Sin etiquetas, Sé el primero en etiquetar este registro!
|
MARC
| LEADER | 00000nam^a2200000^a^4500 | ||
|---|---|---|---|
| 001 | 000154379 | ||
| 005 | 20250521000000.0 | ||
| 009 | 20260310100351.211 | ||
| 020 | |a 0-8212-2459-X | ||
| 037 | |a Acervo ITESO - Biblioteca | ||
| 041 | |a ING | ||
| 082 | |a 770. 973 |b PEN WES | ||
| 100 | |a Penn, Irving |e (autor) | ||
| 245 | 1 | 0 | |a Irving Penn : |b A Career in Photography / |c Ed. de C. Westerbeck ; pról. de James N. Wood. |
| 264 | 4 | |a Chicago, EUA : |b The Art Institute of Chicago, |c 1998, c1997 | |
| 300 | |a 192 p. | ||
| 336 | |a texto |b txt |2 rdacontenido | ||
| 337 | |a sin mediación |b n |2 rdamedio | ||
| 338 | |a volumen |b nc |2 rdasoporte | ||
| 520 | |a Nacido en 1917, el artista norteamericano Irving Penn ha sido reconocido especialmente por sus trabajos en fotografía de moda, ámbito en el que a los 26 años de edad publicó su primera portada en la revista Vogue. Colaborador de grandes diseñadores de moda, como el japonés Issey Miyake, Penn no ha circunscrito su obra este campo y ha creado imágenes que han llegado a ser documentos del siglo XX, como sus naturalezas muertas y desnudos, sus retratos de artistas, políticos y actores y de personajes cotidianos de Inglaterra, Francia, Perú, Nueva Guinea o Marruecos. Para algunos críticos, el eje común de la obra y el lenguaje fotográfico de Penn es su interés central por la personalidad del sujeto retratado. El fotógrafo norteamericano donó en 1995 sus archivos, junto con una serie de impresiones representativas de su carrera, al Instituto de Arte de Chicago. El presente catálogo, que acompañó una exposición itinerante de Penn, celebra este obsequio del fotógrafo al Instituto y reúne reflexiones y recuerdos, tanto del propio artista como de varias de las personas con las que ha colaborado a lo largo de su trayectoria. | ||
| 649 | |a XX | ||
| 650 | |a Fotógrafos Norteamericanos | ||
| 650 | |a Artistas Norteamericanos | ||
| 650 | |a Fotografía Norteamericana - |x Catálogos | ||
| 650 | |a Fotografía Norteamericana - |x Colecciones | ||
| 650 | |a Fotografía Norteamericana - |x Exposiciones | ||
| 650 | |a Fotografía Norteamericana - |x Historia y Crítica | ||
| 650 | |a Fotografía Norteamericana - |y Siglo XX | ||
| 650 | |a Arte Norteamericano - |x Catálogos | ||
| 650 | |a Arte Norteamericano - |x Colecciones | ||
| 650 | |a Arte Norteamericano - |x Exposiciones | ||
| 650 | |a Arte Norteamericano - |x Historia y Crítica | ||
| 650 | |a Arte Norteamericano - |y Siglo XX | ||
| 650 | |a Medios de Comunicación | ||
| 650 | |a Comunicación Visual | ||
| 650 | |a Museos y Galerías - |z Chicago, EUA | ||
| 650 | |a Instituciones Educativas - |z Chicago, EUA | ||
| 650 | |a Penn, Irving | ||
| 700 | |a Westerbeck, Colin |e (edición) | ||
| 910 | |a Fondo General | ||
| 920 | |a Impresos - Libros | ||
| 930 | |a Reserva Especial | ||
| 905 | |a 103 | ||
| 901 | |a 0500085823 |b IT1 |c REE |u 20250521 | ||
| 902 | |a https://opac.biblio.iteso.mx/vufind/Record/000154379 | ||